[Event "Pan American-ch School U15 12th"]
[Site "Callao"]
[Date "2023.10.17"]
[Round "4"]
[White "Solorzano Roncal, Giordano Caleb"]
[Black "Amarilla Ettiene, Ezequiel"]
[Result "1-0"]
[WhiteElo "1352"]
[BlackElo "1875"]
[PlyCount "99"]
[EventDate "2023.10.16"]
[EventType "swiss"]
[EventRounds "9"]
[EventCountry "PER"]
[SourceTitle "Mega2024 Update 01"]
[Source "Chessbase"]
[SourceDate "2023.11.12"]
[SourceVersion "1"]
[SourceVersionDate "2023.11.12"]
[SourceQuality "1"]

1. d4 Nf6 2. Nf3 e6 3. Bf4 c5 4. c3 Nc6 5. e3 d5 6. Nbd2 Bd6 7. Bxd6 Qxd6 8. Bd3 0-0 9. 0-0 b6 10. e4 dxe4 11. Nxe4 Nxe4 12. Bxe4 f5 13. Bxc6 Qxc6 14. dxc5 Qxc5 15. Qd4 Qxd4 16. Nxd4 e5 17. Nc6 Ba6 18. Rfe1 e4 19. Nb4 Bb7 20. Rad1 Rad8 21. Nc2 Kf7 22. Nd4 Kf6 23. Nb5 Rd3 24. Rxd3 exd3 25. f3 Ba6 26. Nd4 Re8 27. Kf2 Rxe1 28. Kxe1 g5 29. Kd2 g4 30. fxg4 fxg4 31. g3 h5 32. Ke3 Kg5 33. Ne6+ Kf5 34. Nd4+ Kg6 35. Nc6 Kf5 36. Nb4 Bb7 37. Nxd3 Bd5 38. b3 b5 39. Nb4 Bb7 40. c4 a5 41. Nd3 b4 42. Kd4 Bf3 43. Nc5 Bc6 44. Nd3 Bf3 45. Ne5 Be4 46. c5 Bg2 47. c6 Ke6 48. c7 Bb7 49. Nc6 a4 50. Nd8+ 1-0

[Event "Asuncion CIT op"]
[Site "Asuncion"]
[Date "2023.08.17"]
[Round "8"]
[White "Amarilla Ettiene, Ezequiel"]
[Black "Franco Gonzalez, Paul"]
[Result "1-0"]
[WhiteElo "1754"]
[BlackElo "1392"]
[PlyCount "57"]
[EventDate "2023.08.12"]
[EventType "swiss"]
[EventRounds "9"]
[EventCountry "PAR"]
[SourceTitle "CBM 215 Extra"]
[Source "ChessBase"]
[SourceDate "2023.09.30"]
[SourceVersion "1"]
[SourceVersionDate "2023.09.30"]
[SourceQuality "1"]

1. e4 e5 2. Nf3 Nc6 3. d4 exd4 4. Nxd4 Nf6 5. Nc3 Be7 6. Be2 a6 7. 0-0 0-0 8. Be3 b5 9. a3 Bb7 10. Nf5 Re8 11. Bg5 h6 12. Nxe7+ Nxe7 13. Bxf6 gxf6 14. Bh5 Ng6 15. Qg4 Kh7 16. Rad1 d6 17. f4 Qe7 18. Rde1 Rg8 19. Qf5 c6 20. e5 Bc8 21. Qxf6 Qxf6 22. exf6 Bf5 23. Ne4 Rad8 24. Kh1 d5 25. Ng3 Bxc2 26. f5 Nh4 27. Bxf7 Rgf8 28. Re7 Kh8 29. Rf4 1-0

[Event "Asuncion CIT op"]
[Site "Asuncion"]
[Date "2023.08.16"]
[Round "7"]
[White "Barrientos, Ernesto"]
[Black "Amarilla Ettiene, Ezequiel"]
[Result "1-0"]
[WhiteElo "1982"]
[BlackElo "1754"]
[PlyCount "63"]
[EventDate "2023.08.12"]
[EventType "swiss"]
[EventRounds "9"]
[EventCountry "PAR"]
[SourceTitle "CBM 215 Extra"]
[Source "ChessBase"]
[SourceDate "2023.09.30"]
[SourceVersion "1"]
[SourceVersionDate "2023.09.30"]
[SourceQuality "1"]

1. e4 c5 2. Nf3 e6 3. d4 cxd4 4. Nxd4 Nc6 5. Nb5 d6 6. c4 Nf6 7. N1c3 a6 8. Na3 Qc7 9. Be3 b6 10. Rc1 Be7 11. Nd5 exd5 12. cxd5 Bd7 13. f3 0-0 14. Be2 Rfe8 15. 0-0 Bf8 16. Bd4 Qb7 17. dxc6 Bxc6 18. Nc4 Nd7 19. Ne3 d5 20. Nxd5 Bxd5 21. exd5 Qxd5 22. Bc4 Qf5 23. Bd3 Qf4 24. Be4 Rad8 25. g3 Qg5 26. f4 Qa5 27. Qc2 Nf6 28. Bxf6 Rd2 29. Qc6 gxf6 30. Qxe8 Kg7 31. Rc8 Qb4 32. Qxf8+ 1-0

[Event "Asuncion CIT op"]
[Site "Asuncion"]
[Date "2023.08.14"]
[Round "4"]
[White "Torres Caballero, Sofia Anabela"]
[Black "Amarilla Ettiene, Ezequiel"]
[Result "0-1"]
[WhiteElo "1202"]
[BlackElo "1754"]
[PlyCount "96"]
[EventDate "2023.08.12"]
[EventType "swiss"]
[EventRounds "9"]
[EventCountry "PAR"]
[SourceTitle "CBM 215 Extra"]
[Source "ChessBase"]
[SourceDate "2023.09.30"]
[SourceVersion "1"]
[SourceVersionDate "2023.09.30"]
[SourceQuality "1"]

1. e4 c5 2. Nf3 e6 3. d4 cxd4 4. Nxd4 Nc6 5. Nb5 d6 6. N1c3 a6 7. Nd4 Qc7 8. Bg5 Be7 9. Bxe7 Ngxe7 10. f4 Qb6 11. Nb3 Qe3+ 12. Ne2 Qxe4 13. Qd3 Qxd3 14. cxd3 b5 15. g3 Bb7 16. Bg2 0-0 17. Kf2 Rab8 18. Nd2 Nf5 19. Ne4 Nb4 20. Rad1 Nxa2 21. g4 Nh4 22. f5 exf5 23. gxf5 Nxf5 24. Bh3 Nh4 25. Rhg1 Bc8 26. Bxc8 Rbxc8 27. Rg4 f5 28. Nf6+ Rxf6 29. Rxh4 Rc2 30. Kf3 g5 31. Rd4 g4+ 32. Kf2 Re6 33. Re1 Nc1 34. Rxc1 Rexe2+ 35. Kg3 Rxc1 36. Rxd6 Rg1+ 37. Kf4 Rf1+ 38. Kg5 Kf7 39. Rxa6 Rxh2 40. Ra7+ Ke6 41. Rb7 Rxb2 42. Rxh7 g3 43. Rh6+ Ke5 44. Rh8 g2 45. Re8+ Kd6 46. Kf6 g1Q 47. Re6+ Kd7 48. Re7+ Kd8 0-1

[Event "Asuncion CIT op"]
[Site "Asuncion"]
[Date "2023.08.13"]
[Round "2"]
[White "Soriano Quispe, Ivan Excender"]
[Black "Amarilla Ettiene, Ezequiel"]
[Result "1-0"]
[WhiteElo "2195"]
[BlackElo "1754"]
[PlyCount "67"]
[EventDate "2023.08.12"]
[EventType "swiss"]
[EventRounds "9"]
[EventCountry "PAR"]
[SourceTitle "CBM 215 Extra"]
[Source "ChessBase"]
[SourceDate "2023.09.30"]
[SourceVersion "1"]
[SourceVersionDate "2023.09.30"]
[SourceQuality "1"]

1. d4 Nf6 2. c4 g6 3. Nc3 Bg7 4. e4 d6 5. Nf3 0-0 6. Be2 Nbd7 7. 0-0 e5 8. Be3 Qe7 9. dxe5 dxe5 10. Qc2 c6 11. Rad1 Nh5 12. g3 Nc5 13. b4 Ne6 14. a3 a5 15. c5 f5 16. exf5 gxf5 17. Rfe1 Qf7 18. Bc4 f4 19. Ng5 Nxg5 20. Bxf7+ Rxf7 21. Bc1 Bg4 22. Ne4 Nh3+ 23. Kg2 Raf8 24. Qc4 Kh8 25. Qxf7 Rxf7 26. Rd8+ Bf8 27. f3 Bxf3+ 28. Kxf3 fxg3+ 29. Kg2 N3f4+ 30. Bxf4 Nxf4+ 31. Kxg3 Kg7 32. Ng5 Nh5+ 33. Kg4 Nf6+ 34. Kf5 1-0

[Event "Asuncion zt 2.5"]
[Site "Asuncion"]
[Date "2023.03.06"]
[Round "2"]
[White "Amarilla Ettiene, Ezequiel"]
[Black "Frutos Moreno, Erico Nicolas"]
[Result "1/2-1/2"]
[WhiteElo "1755"]
[BlackElo "1114"]
[PlyCount "50"]
[EventDate "2023.03.05"]
[EventType "swiss"]
[EventRounds "9"]
[EventCountry "PAR"]
[SourceTitle "CBM 213 Extra"]
[Source "ChessBase"]
[SourceDate "2023.05.31"]
[SourceVersion "1"]
[SourceVersionDate "2023.05.31"]
[SourceQuality "1"]

1. e4 e5 2. Nf3 Nc6 3. Bb5 Nd4 4. Nxd4 exd4 5. 0-0 a6 6. Bc4 d6 7. d3 h6 8. h3 Bd7 9. Bf4 Ne7 10. Qf3 Be6 11. Bxe6 fxe6 12. e5 d5 13. Nd2 Qd7 14. Qh5+ g6 15. Qg4 0-0-0 16. Nb3 g5 17. Bh2 Nf5 18. Nxd4 h5 19. Qxg5 Nxd4 20. c3 Be7 21. Qd2 Nf5 22. b4 Rdg8 23. Kh1 Bg5 24. Bf4 Bxf4 25. Qxf4 Qc6 1/2-1/2

[Event "Asuncion zt 2.5"]
[Site "Asuncion"]
[Date "2023.03.05"]
[Round "1"]
[White "Melian, Juan Sebastian"]
[Black "Amarilla Ettiene, Ezequiel"]
[Result "1-0"]
[WhiteElo "2327"]
[BlackElo "1755"]
[PlyCount "55"]
[EventDate "2023.03.05"]
[EventType "swiss"]
[EventRounds "9"]
[EventCountry "PAR"]
[SourceTitle "CBM 213 Extra"]
[Source "ChessBase"]
[SourceDate "2023.05.31"]
[SourceVersion "1"]
[SourceVersionDate "2023.05.31"]
[SourceQuality "1"]

1. d4 Nf6 2. Bg5 d5 3. Bxf6 gxf6 4. e3 c5 5. Nf3 Nc6 6. dxc5 e5 7. c4 Be6 8. cxd5 Bxd5 9. Nc3 Bxf3 10. Qxf3 Bxc5 11. Rd1 Qe7 12. Nd5 Bb4+ 13. Ke2 Qc5 14. Nxf6+ Ke7 15. Rd7+ Kf8 16. Rxf7+ Kxf7 17. Ne4+ Ke7 18. Qf6+ Kd7 19. Nxc5+ Bxc5 20. g3 Kc7 21. Qf7+ Kb6 22. Bg2 Rad8 23. Rc1 Bb4 24. Rc2 Rhe8 25. Qb3 a5 26. a3 Nd4+ 27. exd4 exd4+ 28. Kd3 1-0

[Event "Florianopolis op 9th"]
[Site "Florianopolis"]
[Date "2023.01.29"]
[Round "10"]
[White "Amarilla Ettiene, Ezequiel"]
[Black "Nunes, Agatha Hurba"]
[Result "1-0"]
[WhiteElo "1616"]
[BlackElo "1823"]
[PlyCount "47"]
[EventDate "2023.01.23"]
[EventType "swiss"]
[EventRounds "10"]
[EventCountry "BRA"]
[SourceTitle "CBM 212 Extra"]
[Source "ChessBase"]
[SourceDate "2023.03.31"]
[SourceVersion "1"]
[SourceVersionDate "2023.03.31"]
[SourceQuality "1"]

1. e4 e6 2. d4 d5 3. e5 c5 4. c3 Nc6 5. Nf3 Qb6 6. a3 c4 7. Nbd2 Be7 8. Be2 Bd7 9. 0-0 0-0-0 10. b3 cxb3 11. Nxb3 f6 12. Be3 Qc7 13. c4 h5 14. cxd5 exd5 15. Qd2 Nh6 16. exf6 Bxf6 17. Bf4 Qb6 18. Rab1 Nf5 19. Nc5 Qa5 20. Qb2 Qb6 21. Qa2 Qa5 22. Nxb7 Qa4 23. Nc5 Qa5 24. Ba6+ 1-0

[Event "Florianopolis op 9th"]
[Site "Florianopolis"]
[Date "2023.01.28"]
[Round "8"]
[White "Amarilla Ettiene, Ezequiel"]
[Black "Tamayo, Jose Luis"]
[Result "1-0"]
[WhiteElo "1616"]
[BlackElo "1805"]
[PlyCount "91"]
[EventDate "2023.01.23"]
[EventType "swiss"]
[EventRounds "10"]
[EventCountry "BRA"]
[SourceTitle "CBM 212 Extra"]
[Source "ChessBase"]
[SourceDate "2023.03.31"]
[SourceVersion "1"]
[SourceVersionDate "2023.03.31"]
[SourceQuality "1"]

1. e4 e5 2. Nf3 Nc6 3. Bb5 a6 4. Ba4 Nf6 5. 0-0 b5 6. Bb3 Be7 7. Re1 0-0 8. Nc3 d5 9. exd5 Nxd5 10. Nxe5 Nxe5 11. Rxe5 c6 12. d4 Bd6 13. Re1 Qh4 14. g3 Qh3 15. Re4 g5 16. Qf1 Qxf1+ 17. Kxf1 Bh3+ 18. Kg1 f5 19. Re1 f4 20. a3 Rae8 21. Ne4 Re6 22. Bd2 Rg6 23. c4 bxc4 24. Bxc4 Bc7 25. Rac1 Bb6 26. Bb4 Rf7 27. Bc5 Bxc5 28. dxc5 fxg3 29. hxg3 Bg4 30. Nd6 Rf8 31. Re5 Bf3 32. Rce1 Kh8 33. Re6 Rff6 34. Rxf6 Rxf6 35. Re8+ Kg7 36. Re5 Kg6 37. Bd3+ Kh5 38. Rf5 Rxf5 39. Bxf5 Nf6 40. Bd3 Nd7 41. b4 a5 42. Bf5 Nb8 43. bxa5 Na6 44. Be4 Be2 45. Nb7 Bb5 46. Bxh7 1-0

[Event "Florianopolis op 9th"]
[Site "Florianopolis"]
[Date "2023.01.26"]
[Round "6"]
[White "Amarilla Ettiene, Ezequiel"]
[Black "Muzzi, Eduardo"]
[Result "1/2-1/2"]
[WhiteElo "1616"]
[BlackElo "1917"]
[PlyCount "50"]
[EventDate "2023.01.23"]
[EventType "swiss"]
[EventRounds "10"]
[EventCountry "BRA"]
[SourceTitle "CBM 212 Extra"]
[Source "ChessBase"]
[SourceDate "2023.03.31"]
[SourceVersion "1"]
[SourceVersionDate "2023.03.31"]
[SourceQuality "1"]

1. e4 c5 2. Nf3 Nc6 3. d4 cxd4 4. Nxd4 e5 5. Nb5 a6 6. Nd6+ Bxd6 7. Qxd6 Qf6 8. Qxf6 Nxf6 9. Nc3 d5 10. Bg5 Nxe4 11. Nxd5 0-0 12. Be3 Bf5 13. Bc4 Nf6 14. Nb6 Rad8 15. Rc1 Nd4 16. Bd3 Bxd3 17. cxd3 Nc6 18. Ke2 Nd5 19. Nc4 Rfe8 20. Rhd1 h6 21. g3 f5 22. Bc5 Re6 23. Ne3 g6 24. Nxd5 Rxd5 25. b4 Kf7 1/2-1/2

[Event "Pan American-ch U14"]
[Site "Montevideo"]
[Date "2022.06.26"]
[Round "1"]
[White "Ticona Rocabado, Licael Roderick"]
[Black "Amarilla Ettiene, Ezequiel"]
[Result "1-0"]
[WhiteElo "2150"]
[BlackElo "1427"]
[PlyCount "67"]
[EventDate "2022.06.26"]
[EventType "swiss"]
[EventRounds "9"]
[EventCountry "URU"]
[SourceTitle "EXT 2023"]
[Source "ChessBase"]
[SourceDate "2022.10.05"]
[SourceVersion "1"]
[SourceVersionDate "2022.10.05"]
[SourceQuality "1"]

1. Nf3 Nf6 2. g3 g6 3. Bg2 Bg7 4. 0-0 0-0 5. d4 d6 6. c4 c5 7. Nc3 Nc6 8. d5 Na5 9. Qd3 e5 10. e4 Nd7 11. Bd2 a6 12. Ne2 b5 13. b3 f5 14. Ng5 Nf6 15. Rad1 fxe4 16. Nxe4 Nxe4 17. Bxe4 Bh3 18. Rfe1 b4 19. f4 Qd7 20. fxe5 Bxe5 21. Bh6 Rf7 22. Nf4 Qg4 23. Bf3 Qf5 24. Qe2 g5 25. Nxh3 Qxh3 26. Bxg5 Bxg3 27. Bg4 Bxh2+ 28. Kh1 Qg3 29. Be6 Raf8 30. Qxh2 Qf3+ 31. Kg1 Kh8 32. Bxf7 Rxf7 33. Re8+ Kg7 34. Qh4 1-0

[Event "Pan American-ch Hybrid U12 31st"]
[Site "Tornelo INT"]
[Date "2021.09.04"]
[Round "9"]
[White "Amarilla Ettiene, Ezequiel"]
[Black "Lopez Escobar, Jose David"]
[Result "1-0"]
[WhiteElo "1250"]
[BlackElo "1119"]
[PlyCount "73"]
[EventDate "2021.09.04"]
[EventType "swiss"]
[EventRounds "9"]
[EventCountry "NET"]
[SourceTitle "EXT 2023"]
[Source "ChessBase"]
[SourceDate "2022.10.05"]
[SourceVersion "1"]
[SourceVersionDate "2022.10.05"]
[SourceQuality "1"]

1. e4 d6 2. d4 Nf6 3. Nc3 g6 4. Nf3 Bg7 5. Be3 0-0 6. Qd2 Nbd7 7. Bh6 e5 8. Bxg7 Kxg7 9. dxe5 Nxe5 10. Nxe5 dxe5 11. 0-0-0 Qe7 12. f3 c6 13. h4 Be6 14. g4 Rad8 15. Bd3 b5 16. h5 a6 17. hxg6 fxg6 18. Qh6+ Kg8 19. Rh4 a5 20. Rdh1 Rf7 21. Ne2 Bxa2 22. f4 Rg7 23. g5 Nh5 24. f5 Qc5 25. R4h3 a4 26. Nc3 Bc4 27. Bxc4+ Qxc4 28. f6 Rf7 29. Rxh5 Rdd7 30. Qxg6+ Kf8 31. Qf5 Qd4 32. g6 Qe3+ 33. Kb1 a3 34. g7+ Ke8 35. g8Q+ Rf8 36. Qxe5+ Kd8 37. Qb8# 1-0

[Event "Wch FIDE Online U12 America qual"]
[Site "Tornelo INT"]
[Date "2020.12.02"]
[Round "3"]
[White "Amarilla Ettiene, Ezequiel"]
[Black "Lanzilotta, Filippo"]
[Result "1/2-1/2"]
[WhiteElo "1177"]
[BlackElo "1220"]
[PlyCount "97"]
[EventDate "2020.12.01"]
[EventType "swiss (rapid)"]
[EventRounds "7"]
[EventCountry "ISS"]
[SourceTitle "EXT 2022"]
[Source "ChessBase"]
[SourceDate "2021.10.06"]
[SourceVersion "1"]
[SourceVersionDate "2021.10.06"]
[SourceQuality "1"]

1. e4 e5 2. Nf3 Nf6 3. Nxe5 d6 4. Nf3 Nxe4 5. d4 d5 6. Bd3 Be7 7. 0-0 Nc6 8. c4 Nb4 9. Re1 Bf5 10. Nc3 Nxd3 11. Qxd3 dxc4 12. Qxc4 Nxc3 13. Qxc3 0-0 14. Qe3 Re8 15. Qf4 Qd7 16. Ne5 Qe6 17. Bd2 Bd6 18. Bc3 f6 19. d5 Bxe5 20. Bxe5 fxe5 21. Qc4 Qd6 22. Rac1 Rac8 23. h3 Kh8 24. g4 Bd7 25. Qb3 b5 26. Qe3 a6 27. Rcd1 Qb6 28. Qg5 Rf8 29. Rd2 Qf6 30. Rxe5 Qxg5 31. Rxg5 Rf3 32. Kg2 Rcf8 33. Re2 c6 34. d6 h6 35. Rge5 c5 36. Rxc5 Rd3 37. Rc7 Rxd6 38. Re7 Bc6+ 39. Kg3 Rd3+ 40. Kh4 g5+ 41. Kh5 Rxh3+ 42. Kg6 Be8+ 43. Rxe8 Rxe8 44. Rh7+ Kg8 45. Rg7+ Kf8 46. Rf7+ Kg8 47. Rg7+ Kh8 48. Rh7+ Kg8 49. Rg7+ 1/2-1/2

[Event "Wch FIDE Online U12 America qual"]
[Site "Tornelo INT"]
[Date "2020.12.02"]
[Round "2"]
[White "Camargo Silva, Samir"]
[Black "Amarilla Ettiene, Ezequiel"]
[Result "1-0"]
[WhiteElo "1310"]
[BlackElo "1177"]
[PlyCount "115"]
[EventDate "2020.12.01"]
[EventType "swiss (rapid)"]
[EventRounds "7"]
[EventCountry "ISS"]
[SourceTitle "EXT 2022"]
[Source "ChessBase"]
[SourceDate "2021.10.06"]
[SourceVersion "1"]
[SourceVersionDate "2021.10.06"]
[SourceQuality "1"]

1. e4 d5 2. exd5 Nf6 3. Nc3 Nxd5 4. Bc4 Nf6 5. Nf3 Bf5 6. d3 e6 7. Bf4 Bd6 8. Bg3 0-0 9. Qd2 Nc6 10. 0-0-0 h6 11. h4 Bxg3 12. fxg3 Nh5 13. Qf2 a6 14. Kb1 b5 15. Bb3 a5 16. Nxb5 Rb8 17. Bc4 Qe7 18. Rhe1 Qb4 19. a3 Qe7 20. Nh2 Nf6 21. Qf4 Rfd8 22. g4 Bh7 23. g5 hxg5 24. hxg5 Nd7 25. Qxc7 Qc5 26. Qd6 Rxb5 27. Qc7 Rb6 28. Bb3 Qb5 29. Nf3 Rb7 30. Qg3 a4 31. Rh1 axb3 32. c4 Qf5 33. Nh4 Qc5 34. g6 Bxg6 35. Nxg6 fxg6 36. Qxg6 Qf5 37. Qg3 Nde5 38. Qh4 Rxd3 39. Qh8+ Kf7 40. Ka1 Rxd1+ 41. Rxd1 Qc2 42. Rf1+ Ke7 43. Qxg7+ Kd6 44. Qxb7 Nd3 45. c5+ Qxc5 46. Qh7 Nxb2 47. Kxb2 Qc2+ 48. Qxc2 bxc2 49. Kxc2 Nd4+ 50. Kd3 e5 51. g4 Kd5 52. g5 Ne6 53. g6 Nf4+ 54. Ke3 Nxg6 55. a4 Ne7 56. Rb1 Nc6 57. a5 Nb4 58. Rxb4 1-0

[Event "PAR-ch sf"]
[Site "Asuncion"]
[Date "2019.09.10"]
[Round "7"]
[White "Torales G, Ivan Alejandro B"]
[Black "Amarilla Ettiene, Ezequiel"]
[Result "0-1"]
[WhiteElo "1068"]
[BlackElo "1099"]
[PlyCount "64"]
[EventDate "2019.09.06"]
[EventType "swiss"]
[EventRounds "9"]
[EventCountry "PAR"]
[SourceTitle "EXT 2020"]
[Source "ChessBase"]
[SourceDate "2019.10.17"]
[SourceVersion "1"]
[SourceVersionDate "2019.10.17"]
[SourceQuality "1"]

1. e4 d5 2. exd5 Nf6 3. Nf3 Nxd5 4. Be2 Bf5 5. d3 e6 6. Bd2 Be7 7. 0-0 0-0 8. Nc3 Bf6 9. Rb1 Nc6 10. Re1 h6 11. h3 Qd7 12. Bf1 Rfe8 13. g3 Rab8 14. Bg2 Nxc3 15. Bxc3 Bxc3 16. bxc3 e5 17. Nh4 Bxh3 18. Kh2 Bxg2 19. Nxg2 Qf5 20. Kg1 e4 21. Nh4 Qa5 22. dxe4 Qxc3 23. Qg4 Ne5 24. Qf5 Qxc2 25. f4 Nd3 26. Rf1 Qc5+ 27. Qxc5 Nxc5 28. Rfc1 Nxe4 29. Rxc7 Nxg3 30. Kf2 Ne4+ 31. Kf3 Nd2+ 32. Kg3 Nxb1 0-1